000 003670000a22001570004500
003 MACL
005 20160101132913.0
008 160101b xxu||||| |||| 00| 0 eng d
040 _aMACL
_cMACL
041 _aEnglish
082 _a415.9/MAC
100 _aMacdonell, A A
_926331
245 _aVedic Grammar
650 _aLanguage
_926332
942 _cBK
_k415.03/MAC
_2ddc
999 _c36291
_d36291